000 00601nam a2200181 i 4500
001 31451
003 ES-MaACL
005 20230906154400.0
007 t|
008 030129s1950 sp ||||1| spa d
100 1 _aBenesch, Franz.
_927528
245 1 0 _aObstetricia de la vaca y la yegua /
_cpor Franz Benesch ; versión de la cuarta edición alemana por Pedro Farreras.
250 _a2ª ed.
260 _aBarcelona, etc. :
_bLabor,
_c1950 (
_fTall. Gráf. de la S.G. de P.)
300 _aXII, 346 p. :
_bil. ;
_c22 cm.
700 1 _aFarreras, Pedro.
_948897
852 _aES-MaACL
_jD-8759
_bR.34188
999 _c31451
_d31451